Labour and employment in India: A 50-Year perspective (Record no. 515826)

000 -LEADER
fixed length control field 01584nam a22001577a 4500
008 - FIXED-LENGTH DATA ELEMENTS--GENERAL INFORMATION
fixed length control field 210209b ||||| |||| 00| 0 eng d
100 ## - MAIN ENTRY--PERSONAL NAME
Personal name Rodgers, Gerry
245 ## - TITLE STATEMENT
Title Labour and employment in India: A 50-Year perspective
260 ## - PUBLICATION, DISTRIBUTION, ETC. (IMPRINT)
Place of publication, distribution, etc The Indian Journal of Labour Economics
300 ## - PHYSICAL DESCRIPTION
Extent 63(1), Jan-Mar, 2020: p.1-19
520 ## - SUMMARY, ETC.
Summary, etc This article reviews changes in knowledge and thinking about labour and employment issues in India, on the basis of the author’s experience over the last 50 years. It examines six issues: employment deficits; the mode of production; labour institutions and labour market segmentation; wages; the quality of work; and poverty and inequality. In each case there is a brief overview of the history of research into and perceptions of these issues, followed by comments on some key outstanding questions today. The article then draws on the views of some leading participants in the Indian Society of Labour Economics to identify the highest priorities for research and policy in the coming years, concluding that the central issue is the quantity and quality of employment, and the social and economic processes that drive employment patterns, but that new approaches need to be developed if India’s employment problems are to be adequately addressed. – Reproduced
650 ## - SUBJECT ADDED ENTRY--TOPICAL TERM
Topical term or geographic name as entry element Employment, Labour markets, Labour institutions, Mode of production, Poverty, Inequality, Quality of work, Wages, History of economic thought
9 (RLIN) 21917
773 ## - HOST ITEM ENTRY
Main entry heading The Indian Journal of Labour Economics
906 ## - LOCAL DATA ELEMENT F, LDF (RLIN)
Subject DIP LABOUR MARKET - INDIA
942 ## - ADDED ENTRY ELEMENTS (KOHA)
Item type Articles
Holdings
Withdrawn status Lost status Source of classification or shelving scheme Damaged status Not for loan Permanent location Current location Date acquired Serial Enumeration / chronology Barcode Date last seen Koha item type
          Indian Institute of Public Administration Indian Institute of Public Administration 2021-02-09 63(1), Jan-Mar, 2020: p.1-19 AR124213 2021-02-09 Articles

Powered by Koha